| 000 | 00793cab a22002175a 4500 | ||
|---|---|---|---|
| 001 | L158338 | ||
| 008 | 150112e20150110xxk 000 0 eng d | ||
| 035 | _a(Sirsi) u158338 | ||
| 041 | 0 | _aeng | |
| 100 | 1 | _aFoster, Richard | |
| 245 | 0 | 0 | _aKnow the drill for CPOs |
| 260 | _c2015 | ||
| 490 |
_aEstates Gazette _v(1501) 10 January 2015, 56-57(2) |
||
| 520 | _aReviews the minerals code which is contained in Schedule 2 to the Acquisition of Land Act 1981, section 3. This is of relevance for an acquiring authority when drafting a compulsory purchase order as a decision needs to be taken whether to apply this code. | ||
| 590 | _aKA | ||
| 651 | 4 | _aUnited Kingdom | |
| 690 |
_aCompulsory purchase _96228 |
||
| 690 |
_aMinerals and waste _96257 |
||
| 700 | 1 | _aDamms, Martin | |
| 942 | _n0 | ||
| 999 |
_c84568 _d84568 |
||